000 00662nam a22001697a 4500
003 OSt
005 20171010095507.0
008 120810t xxu||||| |||| 00| 0 eng d
040 _aMMSU
_cULS
100 _aPuruganan, Florida G.
_911946
245 _aFusarium diseases of tobacco (Nicotiana Tabacum L.) in the principal tobacco-growing regions of the Philippines
_cFlorida G. Puruganan
260 _c1984
300 _axvi, 145 leaves
_c28 cm.
500 _aThesis (PhD.-Agricultural Science) -- Gregorio Araneta University Foundation-Institute of Graduate Studies & Applied Research, Manila
504 _aBibliography: leaves 133-140
942 _2ddc
_cTHEDIS
999 _c9690
_d9690